| 000 | 01008nam a2200229 i 4500 | ||
|---|---|---|---|
| 001 | 125029 | ||
| 003 | ES-MaACL | ||
| 005 | 20250826081425.0 | ||
| 007 | t| | ||
| 008 | 070426s1933 sp |||| | spa d | ||
| 110 | 2 |
_aInstituto Nacional de Previsión (España) _95180 |
|
| 245 | 1 | 0 | _aInstrucciones para la redacción de Estatutos de Mutualidades Patronales de Seguro contra los accidentes del trabajo en la industria. |
| 260 |
_aMadrid : _b[s.n.], _c1933 ( _fImp. y Enc. de los Sobrinos de la Sucesora de M. Minuesa de los Ríos) |
||
| 300 |
_a13 p. ; _c22 cm. |
||
| 490 | 1 |
_aPublicaciones del Instituto Nacional de Previsión ; _v371 |
|
| 500 | _aPrecede al tít.: Caja Nacional de Seguro de Accidentes del Trabajo. | ||
| 650 | 4 |
_aSeguridad industrial- _zEspaña. _917018 |
|
| 710 | 2 |
_aCaja Nacional de Seguro de Accidentes del Trabajo _9186626 |
|
| 830 | 0 |
_aPublicaciones del Instituto Nacional de Previsión ; _v371 _9181151 |
|
| 852 |
_aES-MaACL _jC-12642(6) |
||
| 999 |
_c125029 _d125029 |
||